000 00685nam0a22002531 4500
001 RU\NLR\INFOCOMM5\ROSSICA\1000295833
005 20250613191730.0
035 _a(NLR Aleph) 009939693
090 _a10757176
_c10757176
100 _a20030516f15001872|||y0rusy50 ca
101 0 _ager
102 _aRU
105 _ay ||||000ay
200 1 _aUeber die Entdeckung edler Metalle in Russland, und deren Ausbeute
_fErnst Hofmann
210 _aSt.Petersburg
_dS.a.
215 _d
700 1 _aHofmann
_bE.
_gErnst
_4070
801 1 _aRU
_bInfoComm
_c20030516
801 0 _aRU
_bNLR
_gPSBO
852 _aNLR
_j13.16.2.141
942 _cBOOK
980 _aNB
980 _aRossica